LEADER 02778oas 2201033 a 450 001 9910869188203321 005 20260212213014.0 011 $a1758-6860 035 $a(DE-599)ZDB2029696-4 035 $a(DE-599)2029696-4 035 $a(OCoLC)45490637 035 $a(CONSER) 00253559 035 $a(CKB)963017758184 035 $a(EXLCZ)99963017758184 100 $a20001206b19952025 sy a 101 0 $aeng 135 $aurcn||||||||| 181 $ctxt$2rdacontent 182 $cc$2rdamedia 183 $acr$2rdacarrier 200 00$aTeam performance management 210 $aBradford, England $cMCB University Press$d1995- 210 3 $aBingley $cEmerald 300 $aTitle from introductory page, viewed Aug. 15, 2002. 311 08$a1352-7592 517 1 $aTPM 606 $aTeams in the workplace$vPeriodicals 606 $aEmployee empowerment$vPeriodicals 606 $aManagement$xEmployee participation$vPeriodicals 606 $aPublications pe?riodiques$2eclas 606 $aGestion du personnel$2eclas 606 $aTravail d'e?quipe$2eclas 606 $aEmployee empowerment$2fast$3(OCoLC)fst00908969 606 $aManagement$xEmployee participation$2fast$3(OCoLC)fst01007168 606 $aTeams in the workplace$2fast$3(OCoLC)fst01144679 606 $aTreball en equip$2thub 606 $aPersonal$2thub 606 $aRecursos humans$2thub 608 $aPeriodicals.$2fast 608 $aRevistes electròniques.$2thub 615 0$aTeams in the workplace 615 0$aEmployee empowerment 615 0$aManagement$xEmployee participation 615 7$aPublications pe?riodiques. 615 7$aGestion du personnel. 615 7$aTravail d'e?quipe. 615 7$aEmployee empowerment. 615 7$aManagement$xEmployee participation. 615 7$aTeams in the workplace. 615 7$aTreball en equip. 615 7$aPersonal. 615 7$aRecursos humans. 676 $a658.4036 712 02$aMCB University Press. 801 0$bWAU 801 1$bWAU 801 2$bOCLCQ 801 2$bIUL 801 2$bOCLCQ 801 2$bINT 801 2$bOCLCQ 801 2$bDLC 801 2$bOCLCF 801 2$bBEDGE 801 2$bOCLCO 801 2$bOCLCQ 801 2$bDLC 801 2$bNLC 801 2$bILACE 801 2$bNLE 801 2$bOCLCQ 801 2$bAU@ 801 2$bUKMGB 801 2$bUHL 801 2$bUKBTH 801 2$bOCLCQ 801 2$bSFB 801 2$bUEJ 801 2$bOCLCQ 801 2$bIOY 801 2$bQGK 801 2$bOCLCL 801 2$bEZC 801 2$bOCLCL 801 2$bDLC 906 $aJOURNAL 912 $a9910869188203321 996 $aTeam performance management$91759174 997 $aUNINA